| 000 -ლიდერი |
| ფიქსირებული სიგრძის საკონტროლო ველი |
01755nam a2200265Ia 4500 |
| 001 - საკონტროლო ნომერი |
| საკონტროლო ველი |
20870 |
| 003 - საკონტროლო ნომრის იდენტიფიკატორი |
| საკონტროლო ველი |
GE_BSU |
| 005 - ბოლო ოპერაციის თარიღი და დრო |
| საკონტროლო ველი |
20210527161255.0 |
| 008 - ფიქსირებული სიგრძის მონაცემთა ელემენტები - ზოგადი ინფორმაცია |
| ფიქსირებული სიგრძის საკონტროლო ველი |
181216s2017||||ge |||||||||||||| ||geo|| |
| 020 ## - წიგნის საერთაშორისო სტანდარტული ნომერი |
| International Standard Book Number |
9789941947858 |
| 040 ## - კატალოგიზაციის წყარო |
| Transcribing agency |
GE_BSU |
| 041 ## - ენის კოდი |
| Language code of text/sound track or separate title |
geo |
| 080 ## - უნივერსალური ათობითი კლასიფიკაციის ინდექსი |
| Universal Decimal Classification number |
347.736.3(075.8)+343.535 მ-66 |
| 100 ## - მთავარი ჩანაწერი - პიროვნების სახელი |
| Personal name |
მიგრიაული, როინ |
| 9 (RLIN) |
1056 |
| 245 ## - ცნობა სათაურის შესახებ |
| Title |
შესავალი გაკოტრებისა და გადახდისუუნარობის სამართალში : |
| Remainder of title |
დამხმ. სახელმძღვ. / |
| Statement of responsibility, etc |
როინ მიგრიაული. |
| 250 ## - გამოცემის ცნობა |
| Edition statement |
მე-3 გადამუშავებული გამოცემა |
| 264 ## - წარმოების, გამოცემის, დისტრიბუციის და სხვა ცნობები |
| გამოცემის, წარმოების, დისტრიბუციის... ადგილი |
თბილისი : |
| გამოცემის, წარმოების, დისტრიბუციის... სახელწოდება |
ბონა კაუზა, |
| გამოცემის, წარმოების, დისტრიბუციის... თარიღი |
2017. |
| 300 ## - ფიზიკური აღწერა |
| Extent |
293 გვ. ; |
| Dimensions |
20 სმ |
| 490 ## - სერიის ცნობა |
| Series statement |
იურისტის ბიბლიოთეკა |
| 500 ## - ზოგადი შენიშვნა |
| General note |
წიგნის მიზანია, გზა გაუკვლიოს გაკოტრებისა და გადახდისუუნარიანობის სამართლით დაინტერესებულ პირებს მისი ფუნდამენტური პრინციპებისაკენ და მოამზადოს სათანადო საფუძვლები გაკოტრების სამართლის შემდგომი მეცნიერული კვლევისათვის |
| 546 ## - LANGUAGE NOTE |
| Language note |
სათაური და სარჩევი ქართულ და ინგლისურ ენებზე |
| 653 ## - INDEX TERM--UNCONTROLLED |
| Uncontrolled term |
სამართალი |
| 942 ## - ADDED ENTRY ELEMENTS (KOHA) |
| Koha item type |
წიგნი |
| Source of classification or shelving scheme |
|